00563cam a22001572 4500001001100000005001700011008004100028020002900069040001500098245011800113260003200231300002700263504005100290650002800341700003600369000000003520151217161126.0070108s xx 000 0 eng d a0415003237 :cGBP 195.00 aKABUcKABU13aAn Encyclopaedia of philosophy /cGeneral editor: G. H. R. Parkinson; associate editors, T. E. Burke ... [et al.] aLondon :bRoutledge,c1988. axi, 935 p. ;c24 cm. aIncludes bibliographical references and index. 0aPhilosophy.@00001479951 aParkinson, G. H. R.@0000147998